Loading...
| Science - Chemistry | 0 | 3 | 0 | 0 | 30 | 88 | 108.00 | 0 | 0 | 2.40 | 6.04 |
| History - Other | 0 | 3 | 1 | 2 | 25 | 122 | 127.67 | 0 | 0 | 0.56 | 2.62 |
| Literature - British | 0 | 2 | 0 | 0 | 20 | 99 | 125.50 | 0 | 0 | 2.36 | 6.41 |
| Religion | 0 | 2 | 0 | 1 | 20 | 101 | 103.00 | 0 | 1 | 1.26 | 6.20 |
| Geography | 0 | 2 | 0 | 0 | 20 | 106 | 109.50 | 0 | 0 | 10.50 | 23.08 |
| History - European | 0 | 2 | 0 | 2 | 20 | 117 | 120.00 | 0 | 0 | 0.00 | 1.28 |
| History - World | 0 | 2 | 0 | 2 | 20 | 135 | 137.50 | 0 | 0 | 0.00 | 2.62 |
| Social Science | 0 | 1 | 0 | 0 | 10 | 74 | 74.00 | 0 | 0 | 2.73 | 1.92 |
| History - American | 0 | 1 | 0 | 0 | 10 | 19 | 19.00 | 0 | 0 | 7.07 | 5.56 |
| Literature - American | 0 | 1 | 0 | 0 | 10 | 123 | 123.00 | 0 | 0 | 0.00 | 1.28 |
| Literature - World | 0 | 1 | 0 | 0 | 10 | 123 | 123.00 | 0 | 0 | 0.85 | 1.28 |
| Popular Culture | 0 | 1 | 0 | 0 | 10 | 107 | 107.00 | 0 | 0 | 6.29 | 10.42 |
| Science - Biology | 0 | 2 | 2 | 2 | 10 | 106 | 108.00 | 0 | 0 | 0.00 | 1.34 |
| Science - Physics | 0 | 1 | 0 | 1 | 10 | 123 | 123.00 | 0 | 0 | 0.00 | 3.85 |
| Fine Arts - Other | 0 | 1 | 1 | 1 | 5 | 130 | 130.00 | 0 | 0 | 0.00 | 1.39 |
| Literature - European | 0 | 0 | 0 | 0 | 0 | 0.00 | 0 | 0 | 0.00 | 0.00 | |
| Fine Arts - Classical Music | 0 | 0 | 0 | 0 | 0 | 0.00 | 0 | 0 | 0.00 | 0.00 | |
| Science - Other | 0 | 0 | 0 | 0 | 0 | 0.00 | 0 | 0 | 0.00 | 0.00 | |
| Philosophy | 0 | 0 | 0 | 0 | 0 | 0.00 | 0 | 0 | 0.00 | 0.00 | |
| Mythology | 0 | 0 | 1 | 0 | -5 | 0.00 | 0 | 0 | 0.00 | 0.00 | |
| Other Academic | 0 | 0 | 1 | 0 | -5 | 0.00 | 0 | 0 | 0.00 | 0.00 |